De A à Z : Instruments de musique - Statistiques

Statistiques générales
  • Ce quiz a été pris 836 fois
    357 depuis la dernière actualisation
  • Le résultat moyen est 13 sur 18
Statistiques - réponses
Lettre Réponses % Correct
C Caisse | Carillon | Castagnettes | Célesta | Chalumeau | Chapeau chinois | Cithare | Clairon | Clarinette | Clavecin | Clavier | Cloche | Conga | Contrebasse | Cor | Cornemuse | Cornet à pistons | Crécelle | Cymbales
95%
G Galoubet | Glockenspiel | Gong | Grelots | Grosse caisse | Guimbarde | Guitare
91%
B Balafon | Balalaïka | Bandonéon | Banjo | Basson | Batterie | Biniou | Bombarde | Bongo | Bugle
90%
T Tambour | Tambourin | Théorbe | Timbales | Triangle | Trombone | Trompette | Tuba
90%
X Xylophone
90%
V Vibraphone | Vielle | Viole | Violon | Violoncelle | Virginal
89%
F Fifre | Flageolet | Flûte
88%
P Piano | Piano forte | Piccolo | Pipeau
88%
H Harmonica | Harpe | Hautbois | Hélicon
87%
A Accordéon | Alto | Aulos
81%
S Saxophone | Scie musicale | Serpent | Sifflet | Sitar | Sonnaille | Synthétiseur
74%
M Mandoline | Maracas | Mélodica | Marimba
64%
L Limonaire | Luth | Lyre
62%
O Ocarina | Orgue
60%
U Ukulélé
56%
D Didjeridoo | Djembé | Dulcimer | Duduk
54%
K Kazoo | Kalimba
32%
E Epinette | Euphonium
19%
Aucun quiz correspondant
Distribution des résultats
% des personnes avec chaque résultat
Percentile par nombre de réponses
Votre historique - résultats
Vous n’avez pas pris ce quiz depuis la dernière actualisation